000 00317nam a2200133Ia 4500
005 20251222155038.0
008 251222s9999||||xx |||||||||||||| ||spa||
082 _aETI.249
100 _aAdriano Terrarán
245 0 _aAcompañamiento a los que sufren
250 _a1ra. ed.
264 _bSF.Editores
942 _cLIB
999 _c36805
_d36805